000 00547nam a2200181Ia 4500
005 20250508161622.0
008 008 250505s9999 xx 000 0 eng d
037 _aTextual
040 _aFEDL
_beng
_cFEDL
041 _aeng
_2eng
084 _a655, WAL
_qFEDL
100 _aWalling William H
_9771073
245 0 _aYour career opportunities in printing including offset lithography
260 _aNew York, USA
_bRowman and Littlefield Publishers, Inc.
300 _a64p.
942 _cTEXL
_h655, WAL
999 _c1371159
_d1371159